Analysis of commercial lease transactions (Record no. 115063)
[ view plain ]
| 000 -LEADER | |
|---|---|
| fixed length control field | 01137cad a22002295a 4500 |
| 001 - CONTROL NUMBER | |
| control field | L157995 |
| 008 - FIXED-LENGTH DATA ELEMENTS--GENERAL INFORMATION | |
| fixed length control field | 130930s2013 xxk f 000 0 eng d |
| 035 ## - SYSTEM CONTROL NUMBER | |
| System control number | (Sirsi) u157995 |
| 041 0# - LANGUAGE CODE | |
| Language code of text/sound track or separate title | eng |
| 110 2# - MAIN ENTRY--CORPORATE NAME | |
| Corporate name or jurisdiction name as entry element | Royal Institution of Chartered Surveyors |
| 9 (RLIN) | 4900 |
| 245 00 - TITLE STATEMENT | |
| Title | Analysis of commercial lease transactions |
| Remainder of title | Hong Kong |
| Medium | [archived] |
| 260 ## - PUBLICATION, DISTRIBUTION, ETC. | |
| Place of publication, distribution, etc. | Coventry |
| Name of publisher, distributor, etc. | RICS |
| Date of publication, distribution, etc. | 2013 |
| 490 ## - SERIES STATEMENT | |
| Series statement | RICS Guidance Note |
| 520 ## - SUMMARY, ETC. | |
| Summary, etc. | Provides guidance to valuers carrying rental valuations of commercial property in Hong Kong. Looks at gathering comparable evidence and taking a range of incentives into consideration such as rent free periods, premiums, capital payments, stepped rents and lease surrenders. Includes worked examples and case studies. |
| 520 ## - SUMMARY, ETC. | |
| Summary, etc. | Archived May 2022. No longer current. |
| 590 ## - LOCAL NOTE (RLIN) | |
| Local note | KA |
| 651 #4 - SUBJECT ADDED ENTRY--GEOGRAPHIC NAME | |
| Geographic name | Hong Kong |
| 690 ## - LOCAL SUBJECT ADDED ENTRY--TOPICAL TERM (OCLC, RLIN) | |
| Topical term or geographic name as entry element | Commercial property |
| 9 (RLIN) | 6227 |
| 690 ## - LOCAL SUBJECT ADDED ENTRY--TOPICAL TERM (OCLC, RLIN) | |
| Topical term or geographic name as entry element | Valuation |
| 9 (RLIN) | 6273 |
| 856 40 - ELECTRONIC LOCATION AND ACCESS | |
| Uniform Resource Identifier | <a href="https://www.isurv.com/download/downloads/id/5725/archive_analysis_of_commercial_lease_transactions_hong_kong_1st_edition_2013%E2%80%93may_2022.pdf">https://www.isurv.com/download/downloads/id/5725/archive_analysis_of_commercial_lease_transactions_hong_kong_1st_edition_2013%E2%80%93may_2022.pdf</a> |
| Public note | Archived on isurv (subscription required) |
| 942 ## - ADDED ENTRY ELEMENTS (KOHA) | |
| Suppress in OPAC | 0 |
| Source of classification or shelving scheme | Dewey Decimal Classification |
| Withdrawn status | Lost status | Damaged status | Not for loan | Home library | Current library | Shelving location | Date acquired | Total Checkouts | Full call number | Date last seen | Copy number | Price effective from | Koha item type |
|---|---|---|---|---|---|---|---|---|---|---|---|---|---|
| Virtual | Virtual | Online | 30/09/2013 | isurv | 19/06/2024 | 1 | 06/08/2019 | Archive |